Problemas políticos de la vida local
Descripción Física:
338 p. ; 21 cm
MARC
| LEADER | 00000nam a2200000Ia 4500 | ||
|---|---|---|---|
| 001 | 13791 | ||
| 003 | BGR | ||
| 005 | 20260324175256.0 | ||
| 008 | 160829s1972 xx 000 0 cat d | ||
| 080 | |a M-4-35 | ||
| 100 | |a Curso sobre Problemas Políticos de la Vida Local (12è : 1971 : Penyíscola) |9 24441 | ||
| 245 | |a Problemas políticos de la vida local | ||
| 260 | |a Madrid : |b Delegación Nacional de Provincias del Movimiento, |c 1972 | ||
| 300 | |a 338 p. ; |c 21 cm | ||
| 590 | |a Notes. | ||
| 590 | |a Referències bibliogràfiques. | ||
| 590 | |a Conté les conferències donades en el curs. | ||
| 590 | |a A la portada: Instituto de Estudios Castillo de Peñíscola | ||
| 650 | |a Administració local |x Espanya |x Congressos |9 40020 | ||
| 710 | 1 | |a Espanya |b Movimiento Nacional |b Delegación Nacional de Provincias |9 71147 | |
| 710 | 1 | |a Instituto de Estudios Castillo de Peñíscola |9 71148 | |
| 901 | |a Arxiu | ||
| 942 | |n 1 |2 udc |c MON | ||
| 952 | |0 0 |1 0 |4 0 |6 M435 |7 1 |9 43157 |a Arxiu |b Arxiu |d 2016-12-01 |l 0 |o M-4-35 |p 13791 |r 2016-12-01 00:00:00 |w 2016-12-01 |y ARXIU | ||
| 999 | |c 45701 |d 45701 | ||